| 000 | 00651nam a22001817a 4500 | ||
|---|---|---|---|
| 999 |
_c61660 _d61660 |
||
| 005 | 20240411125308.0 | ||
| 008 | 240411s2004 enk||||| |||| 00| 0 eng d | ||
| 020 | _a9780632064335 | ||
| 041 | _aeng | ||
| 080 | _a614+005 H-64 | ||
| 100 |
_aHewison, Alistair _921768 |
||
| 245 |
_aManagement for Nurses and Health Professionals: _bTheory into Practice / _cAlistair Hewison. |
||
| 264 |
_aOxford : _bBlackwell Science, _c2004. |
||
| 300 |
_a202 p. ; _b25 cm. |
||
| 653 | _aექთნების მენეჯმენტი | ||
| 653 | _aპროფესიონალები ჯანდაცვაში | ||
| 942 |
_2udc _cᲬᲘᲒᲜᲘ |
||